Hospitality marketing (Record no. 45674)

MARC details
000 -LEADER
fixed length control field 00778nam a2200205 a 4500
008 - FIXED-LENGTH DATA ELEMENTS--GENERAL INFORMATION
fixed length control field 120416s1996 ||||||||||||||||| || u
020 ## - INTERNATIONAL STANDARD BOOK NUMBER
International Standard Book Number 0750626887
050 ## - LIBRARY OF CONGRESS CALL NUMBER
Classification number HF 5415 Wea
100 ## - MAIN ENTRY--PERSONAL NAME
Personal name Morrison, Alison J
245 10 - TITLE STATEMENT
Title Hospitality marketing
260 ## - PUBLICATION, DISTRIBUTION, ETC.
Place of publication, distribution, etc. Oxford
Name of publisher, distributor, etc. Butterworth-Heinemann
Date of publication, distribution, etc. 1996
300 ## - PHYSICAL DESCRIPTION
Extent xvi, 321 p. : ill.
350 ## - PRICE (NR) (BK AM CF MU VM SE) [OBSOLETE]
Price 0.00
650 ## - SUBJECT ADDED ENTRY--TOPICAL TERM
Topical term or geographic name entry element HOSPITALITY INDUSTRY--MARKETING
650 #0 - SUBJECT ADDED ENTRY--TOPICAL TERM
Topical term or geographic name entry element MARKETING--MANAGEMENT--CASE STUDIES
700 ## - ADDED ENTRY--PERSONAL NAME
Personal name Wearne, Neil
856 ## - ELECTRONIC LOCATION AND ACCESS
Uniform Resource Identifier <a href="http://www.loc.gov/catdir/description/els032/96143165.html">http://www.loc.gov/catdir/description/els032/96143165.html</a>
856 ## - ELECTRONIC LOCATION AND ACCESS
Uniform Resource Identifier <a href="http://www.loc.gov/catdir/toc/els032/96143165.html">http://www.loc.gov/catdir/toc/els032/96143165.html</a>
995 ## - RECOMMENDATION 995 [LOCAL, UNIMARC FRANCE]
-- 0.00
-- CBU-MAIN LIBRARY (Kitwe)
-- 1
-- 25.00
-- 1
-- AVAILABLE
-- Main Library Open Access Collection
Holdings
Withdrawn status Lost status Source of classification or shelving scheme Damaged status Not for loan Home library Current library Shelving location Date acquired Total Checkouts Full call number Barcode Date last seen Price effective from Koha item type
          CBU-MAIN LIBRARY, KITWE. CBU-MAIN LIBRARY, KITWE.   11/30/2022   HF 5415 Wea 028110 11/30/2022 11/30/2022 MONOGRAPH